| 000 | 00668nam a2200157 i 4500 | ||
|---|---|---|---|
| 001 | 43252 | ||
| 003 | ES-MaACL | ||
| 005 | 20230906160747.0 | ||
| 007 | t| | ||
| 008 | 030317s1911 sp ||||1| spa d | ||
| 100 | 1 |
_aCatalá y Gavilá, Juan Bautista. _937018 |
|
| 245 | 1 | 0 |
_aElecciones provinciales, adaptación de la Ley electoral de 8 de agosto de 1907 a las elecciones de Diputados provinciales con los artículos vigentes según el R.D. de 5 de noviembre de 1900 y los de la ley provincial a que se hace referencia / _cJuan Bautista Catalá y Gavilá. |
| 260 |
_aMadrid : _b[s.n., _c1911] ( _fEl Liberal) |
||
| 300 |
_a105 p. ; _c16 cm. |
||
| 852 |
_aES-MaACL _jG-342 |
||
| 999 |
_c43252 _d43252 |
||